000 00618cam a2200217 4500500
005 20260405003136.0
041 _afre
042 _adc
100 1 0 _aPortevin, Catherine
_eauthor
245 0 0 _aMagyd Cherfi. Seul avec tous
260 _c2020.
500 _a32
690 _aCollectif
690 _aIdentité
690 _aMagyd Cherfi
690 _aMots
690 _aPaternité
690 _aSolitude
786 0 _nPhilosophie magazine | 142 | 9 | 2020-09-01 | p. 116-118 | 1951-1787
856 4 1 _uhttps://shs.cairn.info/magazine-philosophie-magazine-2020-9-page-116?lang=fr&redirect-ssocas=7080
999 _c2064745
_d2064745